书目信息 |
| 书名: | Chemistry, a first course | |
| 作者: | Jacqueline I. Kroschwitz, Melvin Winokur. | |
| 分册号: | ||
| 分册名: | 出版地: | New York : |
|
| 出版社: | McGraw-Hill | |
| 出版时间: | c1987. | |
| 页数: | xvii, 680 p., [8] p. of plates : | |
| 开本: | 24 cm. | |
| 丛书名: | ||
| 中图分类号: | ||
| 科图分类号: | ||
| 其他分类号: | O6-43 | |
| 主题词: | ||
| 电子资源: | ||
| 000 | 00783pam 2200265 a 45x0 | |
| 001 | E0737021991 | |
| 003 | OCoLC | |
| 005 | 20070303101754.56 | |
| 008 | 030611s1987 nyuaf 001 0 eng | |
| 010 | @a 86020052 | |
| 020 | @a0070355398 :@c$37.95 (est.). | |
| 040 | @aDLC@cDLC | |
| 050 | 00 | @aQD31.2@b.K76 1987 |
| 082 | 0 | @a540 @2 19 |
| 090 | @aP410.34/W6 | |
| 090 | @aO6-43 | |
| 099 | @dO6-43@ex6=2 | |
| 100 | 1 | @aKroschwitz, Jacqueline I. |
| 245 | 10 | @aChemistry, a first course / @cJacqueline I. Kroschwitz, Melvin Winokur. |
| 250 | @a2nd ed. | |
| 260 | @aNew York :@bMcGraw-Hill,@cc1987. | |
| 300 | @axvii, 680 p., [8] p. of plates :@bill. (some col.) ;@c24 cm. | |
| 500 | @aIncludes index. | |
| 650 | 0 | @aChemistry. |
| 700 | 1 | @aWinokur, Melvin. |
| Chemistry, a first course / / Jacqueline I. Kroschwitz, Melvin Winokur.-2nd ed.-New York : : McGraw-Hill, , c1987. |
| xvii, 680 p., [8] p. of plates : : ill. (some col.) ; ; 24 cm. |
| Includes index. |
| ISBN 0070355398 :$37.95 (est.). |
| ● |
| 相关链接 |
|
|
|
|
正题名:Chemistry, a first course
索取号:O6-43/x6=2
 
预约/预借
| 序号 | 登录号 | 条形码 | 馆藏地/架位号 | 状态 | 备注 |
| 1 | 184016 | 202462726 | 第四借阅区/ [索取号:O6-43/x6=2] | 在馆 |